00530nam a22001697a 450000500170000001000130001702000260003003500110005603700130006708200070008010000290008724500580011624600410017426000500021527000720026530000230033720210831105330.0 aUR-11213 c200.00a9789390533930 aU-9768 bDBAD/PUB aک aا ظہر ا بر ا ر  aر شتو ں کی ڈ و ر cا ظہر ا بر ا ر  aRishton Ki Dor(Urdu)bby Azhar Abrar aDelhic2021 ءbEducational Publishing House  a3191,Vakil Street, Kucha Pandit Lal Kuan,b Delhie110006l23216162 a144 ص c22 Cm(Hb)